Music of Guatemala, vol. 2

Saved in:
Bibliographic Details
Main Author: Jangoux, Jacques, (comp.)
Format: Audio
Language:Central American Indian
Published: [New York] : Folkways, p1973
Series:Ethnic folkways library.
Subjects:
Tags: Add Tag
No Tags, Be the first to tag this record!
LEADER 01155njm a2200325Ii 4500
001 008317455-9
005 20020906112504.0
008 790607p19731964nyufmn gik cai
010 |a  74760211  
028 0 0 |a FE 4213  |b Folkways 
035 0 |a ocm05043628 
040 |a DLC  |c XFM  |d XFM  |d HMU 
045 |a x6x6 
050 0 |a M1684.G9 
100 1 |a Jangoux, Jacques,  |e comp. 
245 1 0 |a Music of Guatemala,  |n vol. 2  |h [sound recording] /  |c Recorded & edited by Jacques Jangoux. 
260 |a [New York] :  |b Folkways,  |c p1973 
300 |a 1 sound disc :  |b analog, 33 1/3 rpm, mono. ;  |c 12 in. 
490 1 |a Ethnic folkways library 
500 |a Program notes (4 p. ill.) inserted in container. 
505 0 |a Fiesta de Nuestra Señora de los Angeles, Nebaj (Ixil Indians) -- Fiesta de San Mateo, San Mateo Ixtatan (Chuj Indians). 
511 0 |a Various Guatemalan musicians. 
518 |a Recorded in Guatemala in 1964. 
650 0 |a Ixil Indians  |v Music. 
650 0 |a Chuj Indians  |v Music. 
650 0 |a Indians of Central America  |z Guatemala  |v Music. 
650 0 |a Music  |z Guatemala. 
830 0 |a Ethnic folkways library. 
988 |a 20020608 
906 |0 DLC